000 00558nam a2200217Ia 4500
003 OSt
005 20220928142747.0
006 a|||||r|||| 00| 0
007 ta
008 220927b |||||||| |||| 00| 0 eng d
024 _a20028
037 _cTextual
040 _aSDCL
_cSDCL
_beng
041 _2eng
_aeng
082 _aP1520v6:3, N4
100 _aGupta Kusum
_9391327
245 0 _aHindi aur Gujrati vyakaran ka tulnatmak adhyayan.
260 _c1994
942 _hP1520v6:3, N4
_cTEXL
_2CC
999 _c822168
_d822168